Normal view MARC view
  • Tagore, Rabindranath,

Entry Nombre Personal

Number of records used in: 3

001 - NUMERO DE CONTROL

  • campo de control: 43006

003 - IDENTIFICADOR DE NUMERO DE CONTROL

  • campo de control: UPN

005 - FECHA Y HORA DE LA ÜLTIMA TRANSACCIÓN

  • campo de control: 20210219194625.0

008 - DATOS DE LONGITUD FIJA

  • campo de control de longitud fija: nabaccnnaabn|||||||||| b |nc|||||d

035 ## - NUMERO DE CONTROL

  • Número de control: UPN11000015113

040 ## - FUENTE DE CATALOGACIÓN

  • Lenguaje de catalogación: SPA
  • Agencia de transcripción: UPN

053 #4 - NÚMERO DE CLASIFICACIÓN LC

  • Número de clasificación elemento-número único o número inicial de tramo: PK1719
  • Número de clasificación número de tramo final del elemento: PK1727
  • Término explicativo: Hindú

053 #4 - NÚMERO DE CLASIFICACIÓN LC

  • Número de clasificación elemento-número único o número inicial de tramo: PR9499.3 T3.4
  • Término explicativo: Inglés

100 1# - ENCABEZAMIENTO - NOMBRE PERSONAL

  • Nombre personal: Tagore, Rabindranath,
  • Fechas asociadas con el nombre: 1861-1941

670 ## - FUENTE EN LA QUE SE LOCALIZARON DATOS

  • Cita de la fuente: LC

680 ## - NOTA PUBLICA DE ACCESO PÚBLICO

  • Frase explicativa de la referencia: Escritor, poeta, filósofo y educador hindú

902 ## - CATALOGADOR

  • Catalogador: CAA/141019